LEADER 00912cam0-22003371i-450- 001 990002104720403321 005 20050728111843.0 010 $a0-7450-1313-9 035 $a000210472 035 $aFED01000210472 035 $a(Aleph)000210472FED01 035 $a000210472 100 $a20030910d1992----km-y0itay50------ba 101 0 $aeng 102 $aUS 200 1 $aGATT rules for emergency protection$fby David Robertson 210 $aNew York$cHarvester Wheatsheaf$d1992 215 $aXI, 122 p.$d21 cm 225 1 $aThames essays$v57 610 0 $aGATT 676 $aO/3.32 700 1$aRobertson,$bDavid$089030 801 0$aIT$bUNINA$gRICA$2UNIMARC 901 $aBK 912 $a990002104720403321 952 $a62 339.54 ROB$bDEPA 6097$fDAGEA 952 $aA/7.1 THA$b11433$fSES 959 $aDAGEA 959 $aSES 996 $aGATT rules for emergency protection$9394490 997 $aUNINA